000 00428nam a22001457a 4500
999 _c130073
_d130073
008 191121b ||||| |||| 00| 0 eng d
020 _a9781405191111
050 _aB395.C64 2006
245 _aA companion to Plato
_c/ edited by Hugh H. Benson
260 _aWest Sussex:
_bWilley-Backwell,
_c2006.
300 _axv, 473p. ;
_c25cm.
650 _aPlato
_915737
700 _aBenson, Hugh H.
_eed.
_91842
942 _2lcc
_cMONOGRAPH